Biblioteka Instytutu Północnego w Olsztynie

Polacy z Kresów Wschodnich na Warmii i Mazurach : (Rekord nr 6584)

Szczegóły MARC
000 -Nagłówek
fixed length control field 02279cam a2200553 i 4500
001 - Nr kontrolny bibl., która utworzyła rek.
control field xx002423733
003 - Siglum bibl., której nr kontr. jest w 001
control field NUKAT
005 - Data i czas ostatniej operacji
control field 20260421132142.0
008 - Elementy pola stałej długości
fixed length control field 120323s2011 pl a c |000 0 pol c
020 ## - ISBN
ISBN 9788360016220
035 ## - Systemowy numer kontrolny
systemowy numer kontrolny (OCoLC)804670797
035 ## - Systemowy numer kontrolny
systemowy numer kontrolny (NUKAT)xx002423733
040 ## - Instytucja sporządzająca opis
Instytucja, która sporządziła opis SZCZ M/HS
Instytucja, która sporządziła rekord SZCZ M/HS
Instytucja, która zmodyfikowała rekord POZN U/EMs
041 1# - Kod nazwy języka dokumentu
Język tekstu pol
-- eng
Language code of original pol
100 1# - Hasło główne-nazwa osobowa
Nazwa osobowa Raińska, Kinga.
9 (RLIN) 40369
245 10 - Tytuł właściwy i oznaczenie odpow.
tytuł Polacy z Kresów Wschodnich na Warmii i Mazurach :
dodatek do tytułu wprowadzenie do wystawy = Poles from the Eastern Borderlands in Warmia and Mazury : introduction to the exhibition /
dod. inf. ze s. tyt./ozn. odpow. Kinga Raińska ; [tł. na jęz. ang. Jerzy Gozdek].
246 31 - Inne formy tytułu, wariant tytułu
tytuł Poles from the Eastern Borderlands in Warmia and Mazury
260 ## - Adres wydawniczy
miejsce wydania, dystrybucji itp. Olsztyn :
nazwa wydawcy, dystrybutora itp. Muzeum Warmii i Mazur,
data wydania, dystrybucji itp. 2011.
300 ## - Opis fizyczny
objętość i/lub forma materiału 105, [1] s. :
inne szczegóły opisu fizycznego il. ;
format 21 cm.
336 ## - Content Type
Term Tekst
Code txt
Source rdacontent
337 ## - Media Type
Term Bez urządzenia pośredniczącego
Code n
Source rdamedia
338 ## - Carrier Type
Term Wolumin
Code nc
Source rdacarrier
380 ## - Form of work
Form of work Książki
500 ## - Uwaga ogólna
uwaga ogólna Wystawa listopad 2011 r. - wrzesień 2012 r.
504 ## - Uwaga o bibliografii
uwaga o bibliografii Bibliogr. s. 105.
546 ## - Uwaga o języku opisywanego materiału
uwaga o języku Tekst pol. i równol. przekł. ang.
610 27 - Hasło przedmiotowe-nazwa ciała zbior.
nazwa ciała zbior. lub geogr. Muzeum Warmii i Mazur (Olsztyn)
źródło hasła DBN
9 (RLIN) 37744
648 #7 - SUBJECT ADDED ENTRY--CHRONOLOGICAL TERM
Chronological term 1901-2000
Source of heading or term DBN
9 (RLIN) 34996
648 #7 - SUBJECT ADDED ENTRY--CHRONOLOGICAL TERM
Chronological term 1945-1989
Source of heading or term DBN
9 (RLIN) 36043
648 #7 - SUBJECT ADDED ENTRY--CHRONOLOGICAL TERM
Chronological term 2001-
Source of heading or term DBN
9 (RLIN) 36393
650 #7 - Hasło przedmiotowe-nazwa pospolita
nazwa pospolita lub geogr. Fotografia polska
źródło hasła DBN
9 (RLIN) 35386
650 #7 - Hasło przedmiotowe-nazwa pospolita
nazwa pospolita lub geogr. Ludność
źródło hasła DBN
9 (RLIN) 35805
650 #7 - Hasło przedmiotowe-nazwa pospolita
nazwa pospolita lub geogr. Targi i wystawy
źródło hasła DBN
9 (RLIN) 36823
650 #7 - Hasło przedmiotowe-nazwa pospolita
nazwa pospolita lub geogr. Polacy
określnik geograficzny Kresy Wschodnie
określnik rzeczowy przesiedlenie
określnik chronologiczny 1945-1970
określnik formy katalogi wystaw.
źródło hasła kaba
9 (RLIN) 40372
650 #7 - Hasło przedmiotowe-nazwa pospolita
nazwa pospolita lub geogr. Repatriacja
określnik geograficzny Polska
-- Mazury (region)
określnik chronologiczny 1945-1970
określnik formy katalogi wystaw.
źródło hasła kaba
9 (RLIN) 40373
650 #7 - Hasło przedmiotowe-nazwa pospolita
nazwa pospolita lub geogr. Repatriacja
określnik geograficzny Polska
-- Warmia (region)
określnik chronologiczny 1945-1970
określnik formy katalogi wystaw.
źródło hasła kaba
9 (RLIN) 40374
651 #7 - Hasło przedmiotowe-nazwa geogr.
nazwa geograficzna Kresy wschodnie Rzeczypospolitej
źródło hasła DBN
9 (RLIN) 36023
651 #7 - Hasło przedmiotowe-nazwa geogr.
nazwa geograficzna Olsztyn (woj. warmińsko-mazurskie)
źródło hasła DBN
9 (RLIN) 35996
655 #7 - Termin określający rodzaj/formę
rodzaj/forma Katalog wystawy
źródło terminu DBN
9 (RLIN) 35707
658 ## - Nazwa określająca cel programu nauczania
główny cel programu nauczania Bibliotekarstwo, archiwistyka, muzealnictwo
658 ## - Nazwa określająca cel programu nauczania
główny cel programu nauczania Historia
658 ## - Nazwa określająca cel programu nauczania
główny cel programu nauczania Kultura i sztuka
658 ## - Nazwa określająca cel programu nauczania
główny cel programu nauczania Socjologia i społeczeństwo
700 1# - Hasło dodatkowe - nazwa osobowa
nazwa osobowa Gozdek, Jerzy.
rodzaj współpracy Tł.
9 (RLIN) 40370
710 2# - Hasło dodatkowe - nazwa ciała zbior.
nazwa ciała zbior. lub nazwa geogr. Muzeum Warmii i Mazur (Olsztyn).
9 (RLIN) 11735
730 0# - Hasło dodatkowe - tytuł ujednolicony
tytuł ujednolicony Katalog wystawy (Muzeum Warmii i Mazur ; Olsztyn ; 2011)
9 (RLIN) 40371
920 ## - ISBN
ISBN 978-83-60016-22-0
942 ## - ADDED ENTRY ELEMENTS (KOHA)
Source of classification or shelving scheme Dewey Decimal Classification
Koha item type pozycje dostępne na miejscu
Egzemplarze
Status wycofania Status zagubienia Klasyfikacja Status uszkodzenia Blokada wypożyczeń Kolekcja Lokalizacja macierzysta Lokalizacja bieżąca Numer akcesji Źródło akcesji Cena Numeracja / chronologia Nr inwentarzowy il. wypożyczeń Sygnatura Date last seen Price effective from Typ egz. Uwaga OPAC
    Dewey Decimal Classification nieuszkodzona   książka w magazynie Biblioteka Instytutu Północnego w Olsztynie Biblioteka Instytutu Północnego w Olsztynie W-29/2012 wymiana 20.00 58054   58054 05/12/2019 05/12/2019 pozycje dostępne na miejscu
Biblioteka Instytutu Północnego, ul. Partyzantów 87, 10-402 Olsztyn, email: biblioteka(at)ip.olsztyn.pl